LEADER 01566cam0-22003611i-450- 001 990006404780403321 005 20060628165437.0 010 $a88-14-07407-0 035 $a000640478 035 $aFED01000640478 035 $a(Aleph)000640478FED01 035 $a000640478 100 $a20000112d1998----km-y0itay50------ba 101 0 $aita 102 $aIT 105 $ay-------001yy 200 1 $aCodice penale annotato con la giurisprudenza$eaggiornamento$f[a cura di] Giorgio Lattanzi$gcon la collaborazione di Marco Gambardella 210 $aMilano$cGiuffrè$d1998 215 $aXV, 202 p.$d20 cm 311 $aAggiormanento del: Codice penale annotato con la giurisprudenza e norme complementari (ed. 1995) 327 1 $aL'aggiornamento riguarda i seguenti argomenti: Delitti dei pubblici ufficiali contro la pubblica amministrazione, artt. 314-335; Pubblico ufficiale, incaricato di pubblico servizio, esercente un servizio di pubblica necessià, artt. 357-360; Delitti contro la libertà individuale con le nuove norme contro la violenza sessuale, artt. 600-609 decies, 743 bis 488 0$1001000624642$12001$aCodice penale annotato con la giurisprudenza e norme complementari 676 $a345.02$v21$zita 702 1$aGambardella,$bMarco 702 1$aLattanzi,$bGiorgio$f<1939- > 710 01$aItalia$0423419 801 0$aIT$bUNINA$gRICA$2UNIMARC 901 $aBK 912 $a990006404780403321 952 $aXII Z 294.A$b49578$fFGBC 959 $aFGBC 996 $aCodice penale : annotato con la giurisprudenza$942245 997 $aUNINA LEADER 00984nam--2200313---450- 001 990003499880203316 005 20110221125622.0 035 $a000349988 035 $aUSA01000349988 035 $a(ALEPH)000349988USA01 035 $a000349988 100 $a20110221d1954----km-y0itay50------ba 101 $aita 102 $aIT 105 $a||||||||001yy 200 1 $aProblemi attinenti alla coagulazione del sangue$eatti del primo Simposio, Genova, dicembre 1953 210 $aMilano$cEd. Prodotti Roche$d1954 215 $a457 p., [1] c. ripieg.$cill.$d22 cm 300 $aIntroduzione: prof. E. Maurizio 606 0 $aCoagulazione del sangue$xAtti di congressi$yGenova$z1953$2BNCF 676 $a573.159 801 0$aIT$bsalbc$gISBD 912 $a990003499880203316 951 $aFDC 255$b771 Med.$cFDC 959 $aBK 969 $aMED 979 $aMANCUSO$b90$c20110221$lUSA01$h1256 996 $aProblemi attinenti alla coagulazione del sangue$91111570 997 $aUNISA